000 00540nam a2200181Ia 4500
001 16341
005 20260306170302.0
008 260306t2010||||xx |||||||||||||| ||und||
041 _aESP
082 _a348.41
_bC261
100 _aCorporación Azucarera del Perú.
_eAUT
245 0 _aComentarios al proyecto de ley que establece límites de extensión de la propiedad agraria en las zonas agrícolas de la costa
260 _c2010
300 _a371 páginas :
_c21 cm.
650 _aGEN
654 _aCDE
942 _cLIB
_dJUS
_fJUS
_2ddc
_n
999 _c16341
_d16341